000 00474nam a2200181Ia 4500
005 20250508162016.0
008 008 250505s9999 xx 000 0 eng d
037 _aTextual
040 _aFEDL
_beng
_cFEDL
041 _aeng
_2eng
084 _a371.2, DES
_qFEDL
100 _aDesai D B
_9772035
245 0 _aSchool management and change
300 _a368p.
650 _aSchool Administration
942 _cTEXL
_h371.2, DES
999 _c1373796
_d1373796